00285nam a2200109Ia 4500008004000000082001600040100002400056245001900080260004800099300000900147650001900156210210b1999 xxu||||| |||| 00| 0 eng d aS891.2 HEGT aHEGADE (Gurupad K). aTejassankramh. aShimogabMalnad Research Academy (R.)c1999 av,38 aTejassankramah